Statistics for Weird & Funny US Cities To States

Click here to take the quiz!

General Stats

  • This quiz has been taken 21 times
  • The average score is 9 of 39

Answer Stats

U.S. CityU.S. State% Correct
Kill Devil HillsNorth Carolina
76%
Truth Or ConsequencesNew Mexico
71%
IntercoursePennsylvania
53%
NormalIllinois
47%
ZzyzxCalifornia
35%
AccidentMaryland
35%
EmbarrassMinnesota
35%
BoringOregon
35%
DinosaurColorado
29%
WinnebagoMinnesota
29%
American ForkUtah
29%
WhyArizona
24%
Atomic CityIdaho
24%
PeculiarMissouri
24%
HumptulipsWashington
24%
Random LakeWisconsin
24%
ChoccoloccoAlabama
18%
Dead HorseAlaska
18%
Rough and ReadyCalifornia
18%
Briny FreezesFlorida
18%
Monkey's EyebrowKentucky
18%
Hot CoffeeMississippi
18%
DuckwaterNevada
18%
Bat CaveNorth Carolina
18%
NamelessTennessee
18%
Booger HoleWest Virginia
18%
ChugwaterWyoming
18%
BluffAlaska
12%
ChickenAlaska
12%
Last ChanceIowa
12%
PopejoyIowa
12%
ColonMichigan
12%
DummerNew Hampshire
12%
HookerOklahoma
12%
Ding DongTexas
12%
ChinaTexas
12%
BigfootTexas
12%
Bread LoafVermont
12%
FriesVirginia
12%

Score Distribution

Percentile by Number Answered

Percent of People with Each Score

Your Score History

You have not taken this quiz